<?xml version="1.0" encoding="UTF-8"?>
<record
    xmlns:xsi="http://www.w3.org/2001/XMLSchema-instance"
    xsi:schemaLocation="http://www.loc.gov/MARC21/slim http://www.loc.gov/standards/marcxml/schema/MARC21slim.xsd"
    xmlns="http://www.loc.gov/MARC21/slim">

  <leader>00442nam a22001697a 4500</leader>
  <controlfield tag="003">OSt</controlfield>
  <controlfield tag="005">20211125155913.0</controlfield>
  <controlfield tag="008">211125b        |||||||| |||| 00| 0 eng d</controlfield>
  <datafield tag="020" ind1=" " ind2=" ">
    <subfield code="a">0-84931267-1</subfield>
  </datafield>
  <datafield tag="040" ind1=" " ind2=" ">
    <subfield code="c">Hawassa university</subfield>
  </datafield>
  <datafield tag="050" ind1=" " ind2=" ">
    <subfield code="a">664.001579/MIC</subfield>
  </datafield>
  <datafield tag="082" ind1=" " ind2=" ">
    <subfield code="a">664.001579/MIC</subfield>
  </datafield>
  <datafield tag="100" ind1=" " ind2=" ">
    <subfield code="a">Mclandsborough lynne</subfield>
    <subfield code="9">20607</subfield>
  </datafield>
  <datafield tag="245" ind1=" " ind2=" ">
    <subfield code="a">Food microbiology laboratory</subfield>
  </datafield>
  <datafield tag="260" ind1=" " ind2=" ">
    <subfield code="a">Boca raton</subfield>
    <subfield code="b">CRC press</subfield>
    <subfield code="c">2005</subfield>
  </datafield>
  <datafield tag="942" ind1=" " ind2=" ">
    <subfield code="2">ddc</subfield>
    <subfield code="c">BOOKS</subfield>
    <subfield code="n">0</subfield>
  </datafield>
  <datafield tag="999" ind1=" " ind2=" ">
    <subfield code="c">20227</subfield>
    <subfield code="d">20227</subfield>
  </datafield>
  <datafield tag="952" ind1=" " ind2=" ">
    <subfield code="0">0</subfield>
    <subfield code="1">0</subfield>
    <subfield code="2">ddc</subfield>
    <subfield code="4">0</subfield>
    <subfield code="7">0</subfield>
    <subfield code="a">002</subfield>
    <subfield code="b">002</subfield>
    <subfield code="d">2021-11-25</subfield>
    <subfield code="l">0</subfield>
    <subfield code="o">664.001579/MCL</subfield>
    <subfield code="p">ALIB0001146</subfield>
    <subfield code="r">2021-11-25 00:00:00</subfield>
    <subfield code="t">C 1</subfield>
    <subfield code="w">2021-11-25</subfield>
    <subfield code="y">BOOKS</subfield>
  </datafield>
  <datafield tag="952" ind1=" " ind2=" ">
    <subfield code="0">0</subfield>
    <subfield code="1">0</subfield>
    <subfield code="2">ddc</subfield>
    <subfield code="4">0</subfield>
    <subfield code="7">0</subfield>
    <subfield code="a">002</subfield>
    <subfield code="b">002</subfield>
    <subfield code="d">2021-11-25</subfield>
    <subfield code="l">0</subfield>
    <subfield code="o">664.001579/MCL</subfield>
    <subfield code="p">ALIB0001147</subfield>
    <subfield code="r">2021-11-25 00:00:00</subfield>
    <subfield code="t">C 2</subfield>
    <subfield code="w">2021-11-25</subfield>
    <subfield code="y">BOOKS</subfield>
  </datafield>
  <datafield tag="952" ind1=" " ind2=" ">
    <subfield code="0">0</subfield>
    <subfield code="1">0</subfield>
    <subfield code="2">ddc</subfield>
    <subfield code="4">0</subfield>
    <subfield code="7">0</subfield>
    <subfield code="a">002</subfield>
    <subfield code="b">002</subfield>
    <subfield code="d">2021-11-25</subfield>
    <subfield code="l">0</subfield>
    <subfield code="o">664.001579/MCL</subfield>
    <subfield code="p">ALIB0001148</subfield>
    <subfield code="r">2021-11-25 00:00:00</subfield>
    <subfield code="t">C 3</subfield>
    <subfield code="w">2021-11-25</subfield>
    <subfield code="y">BOOKS</subfield>
  </datafield>
  <datafield tag="952" ind1=" " ind2=" ">
    <subfield code="0">0</subfield>
    <subfield code="1">0</subfield>
    <subfield code="2">ddc</subfield>
    <subfield code="4">0</subfield>
    <subfield code="7">0</subfield>
    <subfield code="a">002</subfield>
    <subfield code="b">002</subfield>
    <subfield code="d">2021-11-25</subfield>
    <subfield code="l">0</subfield>
    <subfield code="o">664.001579/MCL</subfield>
    <subfield code="p">ALIB0001149</subfield>
    <subfield code="r">2021-11-25 00:00:00</subfield>
    <subfield code="t">C 4</subfield>
    <subfield code="w">2021-11-25</subfield>
    <subfield code="y">BOOKS</subfield>
  </datafield>
  <datafield tag="952" ind1=" " ind2=" ">
    <subfield code="0">0</subfield>
    <subfield code="1">0</subfield>
    <subfield code="2">ddc</subfield>
    <subfield code="4">0</subfield>
    <subfield code="7">0</subfield>
    <subfield code="a">002</subfield>
    <subfield code="b">002</subfield>
    <subfield code="d">2021-11-25</subfield>
    <subfield code="l">0</subfield>
    <subfield code="o">664.001579/MCL</subfield>
    <subfield code="p">ALIB0001150</subfield>
    <subfield code="r">2021-11-25 00:00:00</subfield>
    <subfield code="t">C 5</subfield>
    <subfield code="w">2021-11-25</subfield>
    <subfield code="y">BOOKS</subfield>
  </datafield>
  <datafield tag="952" ind1=" " ind2=" ">
    <subfield code="0">0</subfield>
    <subfield code="1">0</subfield>
    <subfield code="2">ddc</subfield>
    <subfield code="4">0</subfield>
    <subfield code="7">0</subfield>
    <subfield code="a">002</subfield>
    <subfield code="b">002</subfield>
    <subfield code="d">2021-11-25</subfield>
    <subfield code="l">0</subfield>
    <subfield code="o">664.001579/MCL</subfield>
    <subfield code="p">ALIB0001151</subfield>
    <subfield code="r">2021-11-25 00:00:00</subfield>
    <subfield code="t">C 6</subfield>
    <subfield code="w">2021-11-25</subfield>
    <subfield code="y">BOOKS</subfield>
  </datafield>
  <datafield tag="952" ind1=" " ind2=" ">
    <subfield code="0">0</subfield>
    <subfield code="1">0</subfield>
    <subfield code="2">ddc</subfield>
    <subfield code="4">0</subfield>
    <subfield code="7">0</subfield>
    <subfield code="a">002</subfield>
    <subfield code="b">002</subfield>
    <subfield code="d">2021-11-25</subfield>
    <subfield code="l">0</subfield>
    <subfield code="o">664.001579/MCL</subfield>
    <subfield code="p">ALIB0001152</subfield>
    <subfield code="r">2021-11-25 00:00:00</subfield>
    <subfield code="t">C 7</subfield>
    <subfield code="w">2021-11-25</subfield>
    <subfield code="y">BOOKS</subfield>
  </datafield>
  <datafield tag="952" ind1=" " ind2=" ">
    <subfield code="0">0</subfield>
    <subfield code="1">0</subfield>
    <subfield code="2">ddc</subfield>
    <subfield code="4">0</subfield>
    <subfield code="7">0</subfield>
    <subfield code="a">002</subfield>
    <subfield code="b">002</subfield>
    <subfield code="d">2021-11-25</subfield>
    <subfield code="o">664.001579/MCL</subfield>
    <subfield code="p">ALIB0001153</subfield>
    <subfield code="r">2021-11-25 00:00:00</subfield>
    <subfield code="t">C 8</subfield>
    <subfield code="w">2021-11-25</subfield>
    <subfield code="y">BOOKS</subfield>
  </datafield>
  <datafield tag="952" ind1=" " ind2=" ">
    <subfield code="0">0</subfield>
    <subfield code="1">0</subfield>
    <subfield code="2">ddc</subfield>
    <subfield code="4">0</subfield>
    <subfield code="7">0</subfield>
    <subfield code="a">002</subfield>
    <subfield code="b">002</subfield>
    <subfield code="d">2021-11-25</subfield>
    <subfield code="l">0</subfield>
    <subfield code="o">664.001579/MCL</subfield>
    <subfield code="p">ALIB0001154</subfield>
    <subfield code="r">2021-11-25 00:00:00</subfield>
    <subfield code="t">C 9</subfield>
    <subfield code="w">2021-11-25</subfield>
    <subfield code="y">BOOKS</subfield>
  </datafield>
  <datafield tag="952" ind1=" " ind2=" ">
    <subfield code="0">0</subfield>
    <subfield code="1">0</subfield>
    <subfield code="2">ddc</subfield>
    <subfield code="4">0</subfield>
    <subfield code="7">0</subfield>
    <subfield code="a">002</subfield>
    <subfield code="b">002</subfield>
    <subfield code="d">2021-11-25</subfield>
    <subfield code="l">0</subfield>
    <subfield code="o">664.001579/MCL</subfield>
    <subfield code="p">ALIB0001155</subfield>
    <subfield code="r">2021-11-25 00:00:00</subfield>
    <subfield code="t">C 10</subfield>
    <subfield code="w">2021-11-25</subfield>
    <subfield code="y">BOOKS</subfield>
  </datafield>
</record>
